| 000 -ლიდერი |
| ფიქსირებული სიგრძის საკონტროლო ველი |
01743nam a2200253Ia 4500 |
| 001 - საკონტროლო ნომერი |
| საკონტროლო ველი |
23111 |
| 003 - საკონტროლო ნომრის იდენტიფიკატორი |
| საკონტროლო ველი |
GE_BSU |
| 005 - ბოლო ოპერაციის თარიღი და დრო |
| საკონტროლო ველი |
20221215154636.0 |
| 008 - ფიქსირებული სიგრძის მონაცემთა ელემენტები - ზოგადი ინფორმაცია |
| ფიქსირებული სიგრძის საკონტროლო ველი |
181216s1975ge xx |||||||||||||| ||geo|| |
| 040 ## - კატალოგიზაციის წყარო |
| Transcribing agency |
GE_BSU |
| 041 ## - ენის კოდი |
| Language code of text/sound track or separate title |
geo |
| 080 ## - უნივერსალური ათობითი კლასიფიკაციის ინდექსი |
| Universal Decimal Classification number |
821.222.1-391+ 821.222.1.03=353.1 ქ-32 |
| 245 ## - ცნობა სათაურის შესახებ |
| Title |
ქილილა და დამანა : |
| Remainder of title |
იგავ-არაკების კრებული / |
| Statement of responsibility, etc |
სპარს. თარგმნილი მეფე ვახტანგ მეექვსისა და სულხან-საბა ორბელიანის მიერ ; ტექსტი დაადგინა, შესავალი კომენტარები და ლექსიკონი დაურთო მ. თოდუამ. რედ. ჯ. ლომაშვილი |
| 264 ## - წარმოების, გამოცემის, დისტრიბუციის და სხვა ცნობები |
| გამოცემის, წარმოების, დისტრიბუციის... ადგილი |
თბილისი : |
| გამოცემის, წარმოების, დისტრიბუციის... სახელწოდება |
მერანი, |
| გამოცემის, წარმოების, დისტრიბუციის... თარიღი |
1975. |
| 300 ## - ფიზიკური აღწერა |
| Extent |
1058გვ. : |
| Other physical details |
15ფ. ილ. ; |
| Dimensions |
22სმ. |
| 501 ## - შენიშვნა თანმხლებ მასალაზე |
| With note |
ლექსიკონი გვ. 1007-1039. საძიებელი გვ.: 1045-1053. |
| 653 ## - INDEX TERM--UNCONTROLLED |
| Uncontrolled term |
იგავ-არაკების კრებული |
| 653 ## - INDEX TERM--UNCONTROLLED |
| Uncontrolled term |
ქილილა და დამანა |
| 700 ## - ADDED ENTRY--PERSONAL NAME |
| Personal name |
მეფე ვახტანგ მეექვსისა |
| 9 (RLIN) |
16442 |
| 700 ## - ADDED ENTRY--PERSONAL NAME |
| Personal name |
სულხან-საბა ორბელიანი |
| Relator term |
სპარსულიდან თარგმნილი |
| 9 (RLIN) |
16443 |
| 700 ## - ADDED ENTRY--PERSONAL NAME |
| Personal name |
თოდუა, მ |
| Relator term |
ტექსტი დაადგინა, შესავალი კომენტარები და ლექსიკონი დაურთო |
| 9 (RLIN) |
4208 |
| 700 ## - ADDED ENTRY--PERSONAL NAME |
| Personal name |
ლომაშვილი, ჯ |
| Relator term |
რედაქტორი |
| 9 (RLIN) |
7525 |
| 942 ## - ADDED ENTRY ELEMENTS (KOHA) |
| Koha item type |
წიგნი |
| Source of classification or shelving scheme |
|